00579 a2200181 4500003000500000005001700005028001700022040000900039082001300048100001700061245003100078300001000109518001400119942001200133999001900145952010500164952012800269Nust20170207153906.0 aKatson Books cNust a621.3827 aSapa Katiyar aOptical Fiber Commuication a1-484 aNew Delhi 2ddccBK c190275d190275 00102ddc40708NFICaMCSbMCSd2016-12-12l0o621.3827 KATpMCS35922r2016-12-08w2016-12-12yBK 00102ddc4070aMCSbMCScGENd2016-12-12o621.3827 KATpMCS35923r2016-12-08w2016-12-12yBKzAlmirah No.83, Shelf No.4